Fast tracking development in Africa: the role of small scale business (Record no. 109498)

000 -LEADER
fixed length control field 00467pab a2200169 454500
008 - FIXED-LENGTH DATA ELEMENTS--GENERAL INFORMATION
fixed length control field 180718b2015 xxu||||| |||| 00| 0 eng d
100 ## - MAIN ENTRY--PERSONAL NAME
Personal name Ojo, Ayodeji
245 ## - TITLE STATEMENT
Title Fast tracking development in Africa: the role of small scale business
260 ## - PUBLICATION, DISTRIBUTION, ETC.
Date of publication, distribution, etc. 2015
300 ## - PHYSICAL DESCRIPTION
Extent p.19-24.
362 ## - DATES OF PUBLICATION AND/OR SEQUENTIAL DESIGNATION
Dates of publication and/or sequential designation Sep
650 ## - SUBJECT ADDED ENTRY--TOPICAL TERM
Topical term or geographic name entry element Small enterprises - Africa
650 ## - SUBJECT ADDED ENTRY--TOPICAL TERM
Topical term or geographic name entry element Small scale industry
700 ## - ADDED ENTRY--PERSONAL NAME
Personal name Oluwatayo, Isaac B.
773 ## - HOST ITEM ENTRY
Main entry heading Asian Economic Review
909 ## -
-- 109503
Holdings
Withdrawn status Lost status Damaged status Not for loan Permanent Location Current Location Date acquired Serial Enumeration / chronology Barcode Date last seen Price effective from Koha item type
        Indian Institute of Public Administration Indian Institute of Public Administration 2018-07-19 Volume no: 57, Issue no: 3 AR109963 2018-07-19 2018-07-19 Articles

Powered by Koha